000 00457nam a2200157Ia 4500
999 _c34806
_d34806
003 OSt
005 20200609093223.0
008 190216s9999||||xx |||||||||||||| ||und||
040 _coclc
082 _a320
_bPET/O
100 _aPeter, P P
_92647
245 0 _aOne World State Is A Growing Reality /
_cP P Peter
260 _bDpt Of Economic And History,
_c1978.
_aTrichur:
300 _a88p
942 _cBK
_2ddc
_h320
_iPET/O
_k320
_mPET/O